تحميل...

Domination, deterrence and counter force: an analysis of strategic objectives and doctrines in the super power arms race

التفاصيل البيبلوغرافية
المؤلف الرئيسي: Bhaduri, Amit
التنسيق: Printed Book
اللغة:English
منشور في: Calcutta, Orient-Longman 1985
الموضوعات:
LEADER 006550000a22002170004500
015 |a M 
020 |a 0-86131-614-2 
041 |a eng 
082 |a 330 M5 
100 |a Bhaduri, Amit 
245 |a Domination, deterrence and counter force: an analysis of strategic objectives and doctrines in the super power arms race 
260 |a Calcutta, Orient-Longman 
260 |c 1985 
650 |a Arms 
650 |a Deterrence 
650 |a Domination 
650 |a Economics 
650 |a Strategy 
942 |c BK 
999 |c 137447  |d 137443 
952 |0 0  |1 0  |4 0  |6 330_000000000000000_M5  |7 0  |9 136229  |a SIRP  |b SIRP  |d 2017-10-05  |l 0  |o 330 M5  |p SIRP01252  |r 2017-10-05  |w 2017-10-05  |y BK